000 00195 a2200097 4500
020 _a9788423675609
041 _aspa
100 _aPeter Sichrovsky
245 _aLa trampa de la cobra
942 _cBK
999 _c29492
_d29490